Dobre stanovené ciele, základ kvalitného plánovania

Dôležitosť stanovenia cieľov v procese plánovania. Objekt skúmania, analýza objektu skúmania. Otázky, ktoré treba zohľadniť pri stanovení cieľov. Dobre stanovené ciele.

Gespeichert in:
Bibliographische Detailangaben
1. Verfasser: Janík, Jaroslav
Format: Buchkapitel
Sprache:Slowakisch
Schlagworte:
Tags: Tag hinzufügen
Keine Tags, Fügen Sie das erste Tag hinzu!

MARC

LEADER 00000naa$a2200000$$$4500
001 0043431
005 20240502071519.8
041 0 |a slo 
044 |a SK 
245 1 0 |a Dobre stanovené ciele, základ kvalitného plánovania  |c Jaroslav Janík 
520 |a Dôležitosť stanovenia cieľov v procese plánovania. Objekt skúmania, analýza objektu skúmania. Otázky, ktoré treba zohľadniť pri stanovení cieľov. Dobre stanovené ciele. 
610 2 0 |a plánovanie finančné 
610 2 0 |a ciele podnikové 
610 2 0 |a zisk podnikový 
610 2 0 |a výnosnosť 
610 2 0 |a kapitál 
610 2 0 |a výnosy 
610 2 0 |a náklady 
610 2 0 |a spokojnosť zákazníkov 
610 2 0 |a Slovensko 
100 1 |a Janík, Jaroslav